An alernative approach to religious nationalism: Gandhi, the feminist ethic of care and Pandita Ramabai Mukti mission (Record no. 114426)

000 -LEADER
fixed length control field 00427pab a2200145 454500
008 - FIXED-LENGTH DATA ELEMENTS--GENERAL INFORMATION
fixed length control field 180718b2017 xxu||||| |||| 00| 0 eng d
100 ## - MAIN ENTRY--PERSONAL NAME
Personal name Rathnam, Roopa
245 ## - TITLE STATEMENT
Title An alernative approach to religious nationalism: Gandhi, the feminist ethic of care and Pandita Ramabai Mukti mission
260 ## - PUBLICATION, DISTRIBUTION, ETC.
Date of publication, distribution, etc. 2017
300 ## - PHYSICAL DESCRIPTION
Extent p.134-146.
362 ## - DATES OF PUBLICATION AND/OR SEQUENTIAL DESIGNATION
Dates of publication and/or sequential designation Apr-Jun
650 ## - SUBJECT ADDED ENTRY--TOPICAL TERM
Topical term or geographic name entry element Nationalism
773 ## - HOST ITEM ENTRY
Main entry heading Social Action
909 ## -
-- 114432
Holdings
Withdrawn status Lost status Damaged status Not for loan Permanent Location Current Location Date acquired Serial Enumeration / chronology Barcode Date last seen Price effective from Koha item type
        Indian Institute of Public Administration Indian Institute of Public Administration 2018-07-19 Volume no: 67, Issue no: 2 AR114892 2018-07-19 2018-07-19 Articles

Powered by Koha